1205 1422 1719 1686 1656 1888 1783 1531 1858 1132 1470 1476 1693 1628 1994 1604 1411 1571 1614 1865 1118 1586 1820 1879 1900 1521 1382 1304 1462 1829 1858 1655 1458 1399 1482 1342 1015 1501 1045 1512 1391 1315 1029 1849 1551 1947 1110 1678 1827 1641 1340 1910 1912 1190 1791 1902 1735 1956 1836 1254 1482 1797 1802 1161 1551 1938 1785 1247 1257 1652 1140 1231 1770 1639 1992 1994 1094 1066 1264 1524 1029 1707 1308 1510 1392 1614 1716 1407 1032 1091 1939 1499 1875 1929 1794 1954 1914 1637 1615 BCNSPRNW ULIB Ver.6.0+V

เปลี่ยนเป็นภาษาไทย

Change to English
 แสดงรายละเอียดบรรณานุกรม
  กลับหน้าหลัก

Brief Record : Get Marc (ISO 2709) : E-mail record : QR code < ปิดหน้าต่าง
LEADER : 00000nam 2200000uu 4500
001    13399113579
003     ULIB
008    110627s2552||||th 000 0 tha d
020    9786167081137
090    นว.^bก217ล 2552
100 0  กระต่ายหมายจันทร์
245 00 เล่ห์รักวิวาห์ชุลมุน/^cกระต่ายหมายจันทร์
250    พิมพ์ครั้งที่ 1
260    กรุงเทพฯ :^bสมาร์ทบุ๊ค,^c2552
300    376 หน้า
710 1  สมาร์ทบุ๊ค
945    ^p240^l0^i028721
995    ทศพร
999 ^a ใช้งานได้ทุกระบบ
รายการนี้ยังไม่มีแท็ก
คุณยังไม่ได้ล็อกอิน คุณสามารถมีกิจกรรมร่วมกับเว็บไซต์ได้ แต่ต้องล็อกอินก่อน ::
  ล็อกอิน

รายการสื่อสารสนเทศ

ลำดับที่ ประเภท เลขเรียก/บาร์โค้ด สถานที่ สถานะ
1. นวนิยาย
นวนิยาย
นว. ก217ล 2552 ฉ.1 
  Barcode: 028721
ห้องสมุดวิทยาเขตสวรรค์ประชารักษ์
►นวนิยาย
บนชั้น
  ขอยืม

รายการใกล้เคียง
    ผู้แต่ง [กระต่ายหมายจันทร์]

BibComment


ยังไม่เคยถูกคอมเมนท์

คอมเมนท์ทรัพยากรรายการนี้
  คอมเมนท์: เล่ห์รักวิวาห์ชุล..


 Copyright 2026. Bcnsprnw @Library